Becket

Guardat en:
Dades bibliogràfiques
Autor principal: Anouilh, Jean
Format: Llibre
Idioma:Undetermined
Publicat: Washington, Estados Unidos Signet Books 1960
Matèries:
Etiquetes: Afegir etiqueta
Sense etiquetes, Sigues el primer a etiquetar aquest registre!

MARC

LEADER 00000nam a2200000Ia 4500
008 170316s9999 xx 000 0 und d
040 |a cru BVZT 
090 |a 840 A-5b 
100 |a Anouilh, Jean 
245 |a Becket 
260 |a Washington, Estados Unidos 
260 |b Signet Books 
260 |c 1960 
300 |a 128 páginas 
650 |a LITERATURA FRANCESA 
999 |c 7479  |d 7479 
942 |c 15 D  |h 840 A-5b  |2 z